Six Sigma implementation in railway transport services

Možnosti používania Six Sigma v železničnej doprave, pričom Six Sigma sa stane neoddeliteľnou súčasťou kultúry v železničných spoločnostiach. Významným krokom k realizácii Six Sigma je školenie zamestnancov.

Uložené v:
Podrobná bibliografia
Hlavný autor: Nedeliaková, Eva
Ďalší autori: Štefancová, Vladimíra
Médium: Kapitola
Jazyk:English
Predmet:
Tagy: Pridať tag
Žiadne tagy, Buďte prvý, kto otaguje tento záznam!

MARC

LEADER 00000nla a2200000 4500
001 0226492
005 20240417075110.6
041 0 |a eng 
044 |a SK 
245 1 0 |a Six Sigma implementation in railway transport services  |c Eva Nedeliaková, Vladimíra Štefancová 
520 |a Možnosti používania Six Sigma v železničnej doprave, pričom Six Sigma sa stane neoddeliteľnou súčasťou kultúry v železničných spoločnostiach. Významným krokom k realizácii Six Sigma je školenie zamestnancov. 
610 2 0 |a systémy riadenia 
610 2 0 |a riadenie kvality 
610 2 0 |a metódy riadenia 
610 2 0 |a metódy organizácie 
610 2 0 |a kultúra podniková 
610 2 0 |a spoločnosti 
610 2 0 |a železnice 
100 1 |a Nedeliaková, Eva 
700 1 |a Štefancová, Vladimíra